<?xml version="1.0" encoding="UTF-8"?>
<record
    xmlns:xsi="http://www.w3.org/2001/XMLSchema-instance"
    xsi:schemaLocation="http://www.loc.gov/MARC21/slim http://www.loc.gov/standards/marcxml/schema/MARC21slim.xsd"
    xmlns="http://www.loc.gov/MARC21/slim">

  <leader>02588cam a22004332u 4500</leader>
  <controlfield tag="001">7330</controlfield>
  <controlfield tag="003">BD-RjUL</controlfield>
  <controlfield tag="005">20211208234411.0</controlfield>
  <controlfield tag="008">140113s1933    xxu ||| bt    ||| | eng d</controlfield>
  <datafield tag="035" ind1=" " ind2=" ">
    <subfield code="a">(BD-RjUL)7373</subfield>
  </datafield>
  <datafield tag="040" ind1=" " ind2=" ">
    <subfield code="a">ericd</subfield>
    <subfield code="b">eng</subfield>
    <subfield code="c">ericd</subfield>
    <subfield code="d">MvI</subfield>
    <subfield code="d">BD-RjUL</subfield>
  </datafield>
  <datafield tag="041" ind1=" " ind2=" ">
    <subfield code="a">eng</subfield>
  </datafield>
  <datafield tag="082" ind1="0" ind2="4">
    <subfield code="a"> 371.104</subfield>
    <subfield code="b">TEA</subfield>
  </datafield>
  <datafield tag="091" ind1=" " ind2=" ">
    <subfield code="a">mfm</subfield>
  </datafield>
  <datafield tag="110" ind1="2" ind2=" ">
    <subfield code="a">National Council of Teachers of Mathematics,</subfield>
    <subfield code="9">19307</subfield>
  </datafield>
  <datafield tag="245" ind1="1" ind2="4">
    <subfield code="a">The Teaching of Mathematics in the Secondary School. National Council of Teachers of Mathematics, Yearbook 8 [1933] /</subfield>
    <subfield code="c">W. D. Reeve, Ed.</subfield>
  </datafield>
  <datafield tag="260" ind1=" " ind2=" ">
    <subfield code="a">[Washington, D.C.] :</subfield>
    <subfield code="b">Distributed by ERIC Clearinghouse,</subfield>
    <subfield code="c">1933.</subfield>
  </datafield>
  <datafield tag="300" ind1=" " ind2=" ">
    <subfield code="a">264p ;.</subfield>
    <subfield code="c">22cm.</subfield>
  </datafield>
  <datafield tag="500" ind1=" " ind2=" ">
    <subfield code="a">Availability: National Council of Teachers of Mathematics, Inc., 1906 Association Drive, Reston, Virginia 22091.</subfield>
    <subfield code="5">ericd</subfield>
  </datafield>
  <datafield tag="500" ind1=" " ind2=" ">
    <subfield code="a">Educational level discussed: Junior High Schools.</subfield>
  </datafield>
  <datafield tag="520" ind1=" " ind2=" ">
    <subfield code="a">The first of six chapters in this yearbook discusses articulation between junior and senior high school in terms of several specific content and topic areas. The following chapter is a selected review of research in mathematics education for the years 1915-1931. Investigations are categorized into one of nine areas and a 132-entry bibliography is included. The third chapter is devoted to a wide-ranging discussion of intuitive geometry. Chapter 4 suggests curriculum considerations for grades 7-12 with differentiation for varying ability levels. The next chapter presents the mathematics studied in German schools along with the methods, apparatus, and models used. Organization of a unit of instruction is the topic of the last chapter, and a detailed example is given using direct linear variation as the subject. (LS)</subfield>
  </datafield>
  <datafield tag="650" ind1="0" ind2="7">
    <subfield code="a">Articulation (Education)</subfield>
    <subfield code="2">ericd</subfield>
    <subfield code="9">22885</subfield>
  </datafield>
  <datafield tag="650" ind1="0" ind2="7">
    <subfield code="a">Course Content.</subfield>
    <subfield code="2">ericd</subfield>
    <subfield code="9">22886</subfield>
  </datafield>
  <datafield tag="650" ind1="0" ind2="7">
    <subfield code="a">Curriculum.</subfield>
    <subfield code="2">ericd</subfield>
    <subfield code="9">22887</subfield>
  </datafield>
  <datafield tag="650" ind1="0" ind2="7">
    <subfield code="a">Geometry.</subfield>
    <subfield code="2">ericd</subfield>
    <subfield code="9">22888</subfield>
  </datafield>
  <datafield tag="650" ind1="1" ind2="7">
    <subfield code="a">Instruction.</subfield>
    <subfield code="2">ericd</subfield>
    <subfield code="9">22889</subfield>
  </datafield>
  <datafield tag="650" ind1="0" ind2="7">
    <subfield code="a">Junior High Schools.</subfield>
    <subfield code="2">ericd</subfield>
    <subfield code="9">22890</subfield>
  </datafield>
  <datafield tag="650" ind1="1" ind2="7">
    <subfield code="a">Mathematics Education.</subfield>
    <subfield code="2">ericd</subfield>
    <subfield code="9">22891</subfield>
  </datafield>
  <datafield tag="650" ind1="0" ind2="7">
    <subfield code="a">Reference Materials.</subfield>
    <subfield code="2">ericd</subfield>
    <subfield code="9">22892</subfield>
  </datafield>
  <datafield tag="650" ind1="1" ind2="7">
    <subfield code="a">Research Reviews (Publications)</subfield>
    <subfield code="2">ericd</subfield>
    <subfield code="9">22893</subfield>
  </datafield>
  <datafield tag="650" ind1="1" ind2="7">
    <subfield code="a">Secondary School Mathematics.</subfield>
    <subfield code="2">ericd</subfield>
    <subfield code="9">22894</subfield>
  </datafield>
  <datafield tag="650" ind1="0" ind2="7">
    <subfield code="a">Teacher Effectiveness.</subfield>
    <subfield code="2">ericd</subfield>
    <subfield code="9">22895</subfield>
  </datafield>
  <datafield tag="650" ind1="1" ind2="7">
    <subfield code="a">Yearbooks.</subfield>
    <subfield code="2">ericd</subfield>
    <subfield code="9">3041</subfield>
  </datafield>
  <datafield tag="655" ind1=" " ind2="7">
    <subfield code="a">Reports, Descriptive.</subfield>
    <subfield code="2">ericd</subfield>
    <subfield code="9">22905</subfield>
  </datafield>
  <datafield tag="700" ind1="1" ind2=" ">
    <subfield code="a">Reeve, W. D.,</subfield>
    <subfield code="e">editor.</subfield>
    <subfield code="9">22897</subfield>
  </datafield>
  <datafield tag="710" ind1="2" ind2=" ">
    <subfield code="a">National Council of Teachers of Mathematics, Inc., Reston, VA.</subfield>
    <subfield code="9">22898</subfield>
  </datafield>
  <datafield tag="856" ind1="4" ind2="1">
    <subfield code="u">http://www.eric.ed.gov/contentdelivery/servlet/ERICServlet?accno=ED096169</subfield>
  </datafield>
  <datafield tag="942" ind1=" " ind2=" ">
    <subfield code="2">ddc</subfield>
    <subfield code="c">BK</subfield>
  </datafield>
  <datafield tag="999" ind1=" " ind2=" ">
    <subfield code="c">7330</subfield>
    <subfield code="d">7330</subfield>
  </datafield>
  <datafield tag="952" ind1=" " ind2=" ">
    <subfield code="0">0</subfield>
    <subfield code="1">0</subfield>
    <subfield code="2">ddc</subfield>
    <subfield code="4">0</subfield>
    <subfield code="7">1</subfield>
    <subfield code="8">NFIC</subfield>
    <subfield code="a">RUCL</subfield>
    <subfield code="b">RUCL</subfield>
    <subfield code="c">reading</subfield>
    <subfield code="d">1979-01-08</subfield>
    <subfield code="e">W.U.S Gift</subfield>
    <subfield code="l">0</subfield>
    <subfield code="o">371.104 TEA 1933</subfield>
    <subfield code="r">2014-01-13 00:00:00</subfield>
    <subfield code="t">C-1</subfield>
    <subfield code="w">2014-01-13</subfield>
    <subfield code="y">BK</subfield>
  </datafield>
</record>
